Identifikácia vybraných procesov metódou Anfis
Na minha lista:
| Autor principal: | |
|---|---|
| Formato: | Livro |
| Idioma: | eslovaco |
| Publicado em: |
Bratislava
STU FCHPT
2009
|
| Acesso em linha: | View in OPAC |
| Tags: |
Sem tags, seja o primeiro a adicionar uma tag!
|
MARC
| LEADER | 00000nam a2200000 a 4500 | ||
|---|---|---|---|
| 005 | 20260127134304.0 | ||
| 008 | 090903 2009 xo 000 0 slo d | ||
| 035 | |a vtls009946335 | ||
| 039 | 9 | |a 200909030946 |b mschk03 |y 200909030945 |z mschk03 | |
| 040 | |a STUSCHK1 |b slo |c STUSCHK1 |e AACR2 | ||
| 100 | 1 | |a Tomeček, František | |
| 245 | 1 | |a Identifikácia vybraných procesov metódou Anfis |c František Tomeček | |
| 260 | |a Bratislava |b STU FCHPT |c 2009 | ||
| 300 | |a 52 s. |b il. |c 30 cm | ||
| 500 | |a Obháj.: 27.8. 2009 | ||
| 500 | |a Študijný program: automatizácia, informatizácia a manažment v chémii a potravinárstve | ||
| 500 | |a Bakalárska práca | ||
| 500 | |a Ústav informatizácie, automatizácie a matematiky, odd. informatizácie a riadenia procesov | ||
| 500 | |a Kombinácia študijných odborov: 5.2.14 automatizácia, 5.2.52 priemyselné inžinierstvo | ||
| 910 | |a SCHK95 | ||
| 999 | |c 8884 |d 8884 | ||